<?xml version="1.0" encoding="UTF-8"?>
<marc:record xmlns:marc="http://www.loc.gov/MARC21/slim">
   <marc:leader>00000nam a2200000 a 4500</marc:leader>
   <marc:datafield ind1="1" ind2=" " tag="100">
      <marc:subfield code="a">Blanck, Ulf</marc:subfield>
      <marc:subfield code="4">aut</marc:subfield>
      <marc:subfield code="e">Verfasser/-in</marc:subfield>
   </marc:datafield>
   <marc:datafield ind1=" " ind2=" " tag="653">
      <marc:subfield code="a">Detektiv</marc:subfield>
   </marc:datafield>
   <marc:datafield ind1="0" ind2="0" tag="245">
      <marc:subfield code="a">Fauler Zauber</marc:subfield>
   </marc:datafield>
   <marc:datafield ind1="0" ind2="0" tag="245">
      <marc:subfield code="b">und 14 weitere Ratekrimis</marc:subfield>
   </marc:datafield>
   <marc:datafield ind1="0" ind2="0" tag="245">
      <marc:subfield code="c">Erzählt von Ulf Blanck. Mit Ill. von Stefanie Wegner</marc:subfield>
   </marc:datafield>
   <marc:datafield ind1=" " ind2="1" tag="264">
      <marc:subfield code="a">Stuttgart</marc:subfield>
      <marc:subfield code="b">Franckh-Kosmos-Verl.</marc:subfield>
      <marc:subfield code="c">2003</marc:subfield>
   </marc:datafield>
   <marc:datafield ind1="1" ind2=" " tag="490">
      <marc:subfield code="a">Die drei ??? Kids</marc:subfield>
   </marc:datafield>
   <marc:datafield ind1="1" ind2=" " tag="520">
      <marc:subfield code="a">Wie schon "Geheime Flaschenpost" enthält auch dieser Band 15 Ratekrimis von jeweils etwa 4 Seiten Text mit einer dazugehörigen Illustration und einer kurzen Lösung am Schluss des Bandes. Es sind einfache Aufgaben, die aufmerksames Lesen oder genaues Betrachten der Zeichnung erfordern. Denken ist weniger gefragt. Die 3 ??? Kids finden bei eigenen Erlebnissen u.a. den Verbreiter von Falschgeld, einen Postdieb, einen Erbschleicher, einen Brandstifter und einen Saboteur im Vergnügungspark. Der Reiz liegt im Selberraten. Wer die Lösung zu früh nachschlägt, hat nur das halbe Vergnügen. Der Band ist im Format wieder etwas größer als die normale 3 ??? Kids-Reihe, die Ausstattung ist angepasst. Für kleinere Krimiliebhaber sicher überall gut brauchbar.</marc:subfield>
   </marc:datafield>
   <marc:datafield ind1=" " ind2=" " tag="020">
      <marc:subfield code="a">9783440095058</marc:subfield>
      <marc:subfield code="9">9783440095058</marc:subfield>
   </marc:datafield>
   <marc:datafield ind1=" " ind2=" " tag="041">
      <marc:subfield code="a">ger</marc:subfield>
   </marc:datafield>
   <marc:datafield ind1=" " ind2=" " tag="300">
      <marc:subfield code="a">93 S. : Ill.</marc:subfield>
   </marc:datafield>
</marc:record>
